| 000 -LEADER | |
|---|---|
| fixed length control field | 00446nam a22001817a 4500 |
| 005 - DATE AND TIME OF LATEST TRANSACTION | |
| control field | 20230110120325.0 |
| 008 - FIXED-LENGTH DATA ELEMENTS--GENERAL INFORMATION | |
| fixed length control field | 221220b |||||||| |||| 00| 0 eng d |
| 020 ## - INTERNATIONAL STANDARD BOOK NUMBER | |
| ISBN | 978-81317-271-0-2 |
| 041 ## - LANGUAGE CODE | |
| Language code of text/sound track or separate title | eng |
| 082 ## - DEWEY DECIMAL CLASSIFICATION NUMBER | |
| Classification number | 547 MAN-P |
| 100 ## - MAIN ENTRY--AUTHOR NAME | |
| Personal name | MANN , F G .,SAUNDER S , B C |
| 245 ## - TITLE STATEMENT | |
| Title | PRACTICAL ORGANIC CHEMISTRY |
| 250 ## - EDITION STATEMENT | |
| Edition statement | 4th ed. |
| 260 ## - PUBLICATION, DISTRIBUTION, ETC. (IMPRINT) | |
| Name of publisher | PEARSON |
| 300 ## - PHYSICAL DESCRIPTION | |
| Number of Pages | 586;P. |
| 650 ## - SUBJECT ADDED ENTRY--TOPICAL TERM | |
| Topical Term | PHARMACY |
| General subdivision | D.PHARMA |
| 942 ## - ADDED ENTRY ELEMENTS (KOHA) | |
| Koha item type | Books |
| Lost status | Damaged status | Collection code | Home library | Current library | Shelving location | Date acquired | Source of acquisition | Cost, normal purchase price | Full call number | Accession Number | Koha item type |
|---|---|---|---|---|---|---|---|---|---|---|---|
| PHARMACY | JRU Library | JRU Library | Shelf - 27- I | 17/11/2022 | LOHIA BOOK INTERNATIONAL | 799.00 | 547-MAN-P | 27166 | Books | ||
| PHARMACY | JRU Library | JRU Library | Shelf - 27- I | 17/11/2022 | LOHIA BOOK INTERNATIONAL | 799.00 | 547-MAN-P | 27167 | Books |